Higiene y seguridad en el trabajo : versión 1.6

Guardado en:
Formato: Libro
Publicado: Buenos Aires : Errepar, 2007
Materias:
Etiquetas: Agregar Etiqueta
Sin Etiquetas, Sea el primero en etiquetar este registro!
LEADER 00837nam a22002055a 4500
001 CEM.cems012946
005 20080826081336.0
008 130507s2007##################000#0#####d
003 CEMS
020 |a 987010603X 
082 0 4 |a 344 
245 0 0 |a Higiene y seguridad en el trabajo :  |b versión 1.6 
260 |a Buenos Aires :  |b Errepar,  |c 2007 
300 |a 144 p. 
500 |a Separatas de legislación con actualización on-line. Las eventuales modificaciones a esta separata podrán ser consultadas en Internet hasta la próxima versión ingresando a www.errepar.com 
505 0 |a Ley (L. 19587) -- Decreto reglamentario (D. 351/79 y modif.) -- Normas complementarias 
653 |a Leyes 
653 |a Ley higiene y seguridad en el trabajo 
653 |a Ley no. 19587 
859 |a CEMS  |b BIB. CEMS - 11 de abril  |h 344  |i Ar37  |p 25244.08  |t Ej.1  |v v1.6  |3 v1.6